<?xml version="1.0" encoding="UTF-8"?>
<collection xmlns="http://www.loc.gov/MARC21/slim">
 <record>
  <leader>00638nam a2200205   4500</leader>
  <controlfield tag="001">000008405</controlfield>
  <controlfield tag="003">4593</controlfield>
  <controlfield tag="005">20150812140834.0</controlfield>
  <controlfield tag="008">111017s                               sd</controlfield>
  <datafield tag="100" ind1="0" ind2=" ">
   <subfield code="a">Trần Quốc Sơn</subfield>
  </datafield>
  <datafield tag="245" ind1="0" ind2="0">
   <subfield code="a">Cơ sở hoá học hữu cơ</subfield>
   <subfield code="c">Trần Quốc Sơn</subfield>
  </datafield>
  <datafield tag="774" ind1=" " ind2=" ">
   <subfield code="a">Trần Quốc Sơn</subfield>
   <subfield code="d">H.</subfield>
   <subfield code="d">Giáo dục</subfield>
   <subfield code="d">1999</subfield>
   <subfield code="g">T.1</subfield>
   <subfield code="h">143tr : hình vẽ</subfield>
   <subfield code="n">ĐTTS ghi: Bộ Giáo dục và Đào tạo</subfield>
   <subfield code="o">KM.007723</subfield>
   <subfield code="w">4592</subfield>
  </datafield>
  <datafield tag="OWN" ind1=" " ind2=" ">
   <subfield code="a">LSP</subfield>
  </datafield>
  <datafield tag="999" ind1=" " ind2=" ">
   <subfield code="a">From the UDN01</subfield>
  </datafield>
  <datafield tag="TYP" ind1=" " ind2=" ">
   <subfield code="a">Monograph</subfield>
  </datafield>
  <datafield tag="TYP" ind1=" " ind2=" ">
   <subfield code="a">Printed language</subfield>
  </datafield>
  <datafield tag="980" ind1=" " ind2=" ">
   <subfield code="a">Mạng thư viện Đại học Đà Nẵng</subfield>
  </datafield>
 </record>
</collection>
